Taking stock : An update on Vietnam's recent economic development
This book shows the International context, trends in economic activity, the social impact of the slowdown.
Đã lưu trong:
| Údar Corparáideach: | |
|---|---|
| Formáid: | Leabhar |
| Teanga: | Undetermined |
| Foilsithe: |
Hà Nội
The World Bank in Vietnam
2012
|
| Ábhair: | |
| Clibeanna: |
Cuir Clib Leis
Gan Chlibeanna, Bí ar an gcéad duine leis an taifead seo a chlibeáil!
|
| Thư viện lưu trữ: | Trung tâm Học liệu Trường Đại học Cần Thơ |
|---|
| LEADER | 00759nam a2200217Ia 4500 | ||
|---|---|---|---|
| 001 | CTU_174963 | ||
| 008 | 210402s9999 xx 000 0 und d | ||
| 082 | |a 330.9 | ||
| 082 | |b W927 | ||
| 110 | |a The World Bank in Vietnam (WB) | ||
| 245 | 0 | |a Taking stock : | |
| 245 | 3 | |b An update on Vietnam's recent economic development | |
| 245 | 4 | |c The World Bank in Vietnam | |
| 260 | |a Hà Nội | ||
| 260 | |b The World Bank in Vietnam | ||
| 260 | |c 2012 | ||
| 520 | |a This book shows the International context, trends in economic activity, the social impact of the slowdown. | ||
| 650 | |a Economic policy,Chính sách kinh tế | ||
| 650 | |z Vietnam,Việt Nam | ||
| 904 | |i Trọng Hiếu | ||
| 980 | |a Trung tâm Học liệu Trường Đại học Cần Thơ | ||